Medunarodne Marketing Strategije

Gespeichert in:
Bibliographische Detailangaben
1. Verfasser: Rakita, Branko
Format: Buch
Sprache:Serbisch
Veröffentlicht: Beograd Konzorcijum Ekon. Inst. Jugoslavije 1989
Ausgabe:1. izd.
Tags: Tag hinzufügen
Keine Tags, Fügen Sie das erste Tag hinzu!

MARC

LEADER 00000nam a2200000 4500
001 c028151
005 20250701083521.3
041 0 |a srp 
044 |a YU 
245 1 0 |a Medunarodne Marketing Strategije  |c Branko Rakita 
250 |a 1. izd. 
264 1 |a Beograd  |b Konzorcijum Ekon. Inst. Jugoslavije  |c 1989 
300 |a 281 s. 
100 1 |a Rakita, Branko